000 00467 a2200181 4500
999 _c29150
_d29150
003 NUST
005 20180118162456.0
008 180118b xxu||||| |||| 00| 0 eng d
020 _a3642098746
020 _a9783642098741
082 0 4 _a530.12
100 1 _aSchwabl, Franz.
_98909
245 1 0 _aAdvanced quantum mechanics /
_cFranz Schwabl, R. Hilton, Angela Lahee.
250 _a3rd Ed.
260 _a[S.l.] :
_bSpringer,
_c2000.
300 _a422 p. ;
_c24 cm.
700 _aHilton,
_98910
700 _aLahee, Angel
_98911
942 _aSNS
_cBK
_k530.12 SCH
_2ddc